Responses for Show #2438 - Wednesday, March 22, 1995

Contestants

[<< previous game]

Chris Sullivan, a naval flight officer from Manama, Bahrain

Sue Whelan, a teacher from East Brunswick, New Jersey

Art Vespignani, a compliance officer from Lake Hiawatha, New Jersey (whose 1-day cash winnings total $19,300)

[next game >>]

Jeopardy! Round responses

AMERICAN HISTORY
THE BEATLES
WHEN IN ROME...
CHILDREN'S LITERATURE
TEA
FOREIGN WORDS & PHRASES
    $100 1
the Declaration of Independence

Art
    $100 3
Apple

Chris
    $100 14
St. Peter's

Chris
    $100 8
the Nautilus

Chris
    $100 20
Boston

Sue
    $100 15
(Art: Uh, what is wool?)
...
(Alex: [*], yes. Lederhosen. [*].)

leather

ArtChris
    $200 2
Old Ironsides (the Constitution)

Sue
    $200 4
"Do You Want To Know A Secret"

Sue
    $200 17
the Appian Way

Sue
    $200 9
Hans Christian Andersen

Chris
    $200 21
England (Great Britain)

Sue
    $200 16
a billion

Art
    $300 11
Oklahoma

Art
    $300 5
Ringo Starr

Sue
    $300 23
Trevi Fountain

Chris
    $300 10
Treasure Island

Art
    $300 22
Japan

Art
    $300 24
fish

Sue
    $400 12
William Howard Taft

Art
    $400 6
(Chris: Uh, what is a priest?)

a fireman

Chris
Triple Stumper
    $400 26
Victor Emmanuel

Art
    $400 18
a donkey

Sue
    $400 25
[Alex reads "R." as "Richard".]
(Chris: What is New Orleans?)

St. Louis

ArtChris
    $400 28
yellow

Sue
    $1,100 13
(Alex: Was that a guess?)
(Art: Nah, no. Uh, it took a while coming out.)
(Alex: That's good, that's good, you've got the time.)

Horace Greeley

Art
    $500 7
(Alex: Sue's trying hard to come up with [*]. [*]. No points on that one.)

Stu Sutcliffe

Triple Stumper
    $500 27
sambuca

Chris
    $500 19
(Carl) Sandburg

Sue
    $500 29
tannin

Art
    $500 30
(Alex: [*], yes. Same--very closed to the French, lundi.)

Monday

Art

Scores at the first commercial break (after clue 15):

Art Sue Chris
$2,100 $700 $200

Scores at the end of the Jeopardy! Round:

Art Sue Chris
$4,400 $2,800 $600

Double Jeopardy! Round responses

KINGS & QUEENS
TRAVEL U.S.A.
DOGS
TRANSPORTATION
RELIGION
PLAYS
    $200 7
Queen Elizabeth

Art
    $200 14
Churchill Downs

Sue
    $200 6
Labrador retrievers

Art
    $200 24
double-decker buses

Art
    $200 1
the Ganges

Chris
    $200 15
Peter Pan

Sue
    $400 8
Ferdinand & Isabella

Sue
    $400 21
Vermont

Sue
    $400 30
Switzerland

Art
    $400 25
the Mustang

Sue
    $400 2
Jews

Art
    $400 16
Arthur Miller

Sue
    $600 9
Duncan

Art
    $600 12
(Chris: What is Boulder?)

Colorado Springs

Chris
Triple Stumper
    $600 29
a cairn terrier

Art
    $600 13
a Space Shuttle

Art
    $600 3
Voodoo

Art
    $600 17
The Miracle Worker

Chris
    $800 10
(Art: What is "Aloha LʻOe"?)
(Alex: Whoa, you came so close. It's [*]. No "L" in it. Not "Aloha LʻOe", as if you were saying aloha to someone named Loy.)

"Aloha ʻOe"

Art
    $800 20
Maine

Art
    $800 28
a fox

Chris
    $800 18
Virgin

Chris
    $1,400 4
Jesus

Art
    $800 22
(Alex: Sue, you knew that. You should have rung in.)

Look Homeward, Angel

Triple Stumper
    $1000 11
Faisal

Chris
    $1000 26
(Alex: We have less than a minute to go.)

(Willa) Cather

Chris
    $1000 27
the Brussels griffon

Triple Stumper
    $1000 19
(Sue: Who is DeLorean?)
...
(Alex: Not John DeLorean in the 1940s. It was [*]. They made a movie about him.)

Preston Tucker

Sue
Triple Stumper
    $1000 5
the Baha'i

Chris
    $1000 23
Glengarry Glen Ross

Art

Scores at the end of the Double Jeopardy! Round:

Art Sue Chris
$10,600 $3,800 $5,400

[wagering suggestions for these scores]

Final Jeopardy! Round responses

AUTHORS
(Alex: We've had clues about this author in the past. His Polish name, of course, Józef Korzeniowski.)
...
(Alex: [To Sue] No, not Polish... and incorrect.)
...
(Alex: [To Chris] Right country, wrong artistic form.)
SueWho is Dostoyevski?
$3,700
ChrisWho is Chopin
$5,300
ArtWho is Checov?
$201
Joseph Conrad

Final scores:

Art Sue Chris
$10,399 $100 $100
2-day champion: $29,699 3rd place: Sanyo fax machine with 15 second per page transmission + the Jeopardy! Sports Edition for PC or Super Nintendo Entertainment System + Jeopardy! home game 2nd place: a trip aboard Trans World Airlines + a week at Indian River Plantation Beach Resort on Hutchinson Island, Florida + the Jeopardy! Sports Edition for PC or Super Nintendo Entertainment System + Jeopardy! home game

Game dynamics:

Coryat scores:

Art Sue Chris
$10,200 $3,800 $5,400
23 R
(including 2 DDs),
2 W
(including 1 DD)
16 R,
1 W
14 R,
3 W

Combined Coryat: $19,400

[game clues] [game scores] [suggest correction]

Game tape date: 1994-12-06
The J! Archive is created by fans, for fans. Scraping, republication, monetization, and malicious use prohibited; this site may use cookies and collect identifying information. See terms. The Jeopardy! game show and all elements thereof, including but not limited to copyright and trademark thereto, are the property of Jeopardy Productions, Inc. and are protected under law. This website is not affiliated with, sponsored by, or operated by Jeopardy Productions, Inc. Join the discussion at JBoard.tv.